Statistics for UEFA Euro 2020 Quiz

Click here to take the quiz!

General Stats

  • This quiz has been taken 1,759 times
    (840 since last reset)
  • The average score is 21 of 24

Answer Stats

GroupTeam% Correct
FFrance
97%
DEngland
97%
FPortugal
97%
ESpain
96%
FGermany
95%
ESweden
94%
AItaly
94%
BRussia
92%
BBelgium
92%
DCroatia
91%
CNetherlands
90%
EPoland
90%
BDenmark
89%
ASwitzerland
89%
DScotland
88%
CAustria
87%
AWales
87%
CUkraine
86%
BFinland
85%
ESlovakia
84%
DCzech Republic
84%
FHungary
84%
ATurkey
83%
CNorth Macedonia
66%

Score Distribution

Percentile by Number Answered

Percent of People with Each Score

Your Score History

You have not taken this quiz since the last reset